| 000 | 00443nam a2200145 4500 | ||
|---|---|---|---|
| 001 | 112801 | ||
| 003 | ES-MaACL | ||
| 007 | t| | ||
| 008 | 061121s1982 sp r ||||1| spa d | ||
| 245 | 0 | 0 |
_aBartolomé Esteban Murillo y su escuela en Cádiz _b: [exposición] Museo de Cádiz. |
| 260 |
_aCádiz : _bDiputación, _c1982. |
||
| 300 |
_a72 p. con 18 láms ; _c23 cm. |
||
| 710 | 2 |
_aMuseo de Cádiz. _95851 |
|
| 852 |
_aES-MaACL _jL-4114 _bR.105015 |
||
| 999 |
_c112801 _d112801 |
||